The Instructional Design Process /

Guardat en:
Dades bibliogràfiques
Autor principal: Kemp, Jerrold E. (autor)
Format: Llibre
Idioma:espanyol
Publicat: Nueva York, EUA : Harper, 1985, c1985
Matèries:
Etiquetes: Afegir etiqueta
Sense etiquetes, Sigues el primer a etiquetar aquest registre!

MARC

LEADER 00000nam^a2200000^a^4500
001 000014234
005 20250521000000.0
009 20260310083935.586
020 |a 0-06-043589-5 
037 |a Acervo ITESO - Biblioteca 
041 |a ESP 
082 |a 375. 001  |b KEM 
100 |a Kemp, Jerrold E.  |e (autor) 
245 1 4 |a The Instructional Design Process /  |c J.E. Kemp. 
264 4 |a Nueva York, EUA :  |b Harper,  |c 1985, c1985 
300 |a 301 p. 
336 |a texto  |b txt  |2 rdacontenido 
337 |a sin mediación  |b n  |2 rdamedio 
338 |a volumen  |b nc  |2 rdasoporte 
649 |a XX 
650 |a Diseño y Revisión Curricular -  |x Tema Principal 
650 |a Currículo 
650 |a Educación -  |z EUA 
910 |a Fondo General 
920 |a Impresos - Libros 
930 |a Colección General 
905 |a 101 
901 |a 0142340100  |b IT1  |c ACC  |i 014234  |u 20250521 
902 |a https://opac.biblio.iteso.mx/vufind/Record/000014234